Convergencia digital y diversidad cultural (Record no. 28365)
[ view plain ]
| 000 -CABECERA | |
|---|---|
| campo de control de longitud fija | 00696caa a22001572a 4500 |
| 001 - NÚMERO DE CONTROL | |
| campo de control | 022668 |
| 003 - IDENTIFICADOR DEL NÚMERO DE CONTROL | |
| campo de control | AR-FADEU |
| 008 - DATOS DE LONGITUD FIJA--INFORMACIÓN GENERAL | |
| campo de control de longitud fija | 311216n########xxu####################dd |
| 092 ## - ASIGNACIÓN LOCAL DE SIGNATURA TOPOGRÁFICA DEWEY (OCLC) | |
| Número de clasificación | 303.483 |
| Número de documento/Ítem | M827 |
| 100 ## - ENTRADA PRINCIPAL--NOMBRE DE PERSONA | |
| Nombre de persona | Martín Barbero, Jesús |
| 245 ## - MENCIÓN DE TÍTULO | |
| Título | Convergencia digital y diversidad cultural |
| 300 ## - DESCRIPCIÓN FÍSICA | |
| Extensión | PP. 137-165 |
| 500 ## - NOTA GENERAL | |
| Nota general | En: Mutaciones de lo visible : una comunicación y procesos culturales en la era digital /comp. Denis de Moraes. Buenos Aires : Paidós, 2010 |
| 773 0# - ENLACE AL DOCUMENTO FUENTE/ENTRADA DE REGISTRO ANFITRIÓN | |
| Número bibliográfico anfitrión | 28356 |
| Número de ítem anfitrión | 27642 |
| Encabezamiento principal | Moraes, Denis de, comp. |
| Edición | |
| Lugar, editor y fecha de publicación | Buenos Aires |
| Otro identificador del documento | 19955 |
| Título | Mutaciones de lo visible : una comunicación y procesos culturales en la era digital |
| Número de control del registro | ( AR-FADEU) 022659 |
| Número Internacional Normalizado para Publicaciones Seriadas | |
| Número Internacional Estándar del Libro | 978-950-12-2733-8 |
| 942 ## - ELEMENTOS DE PUNTO DE ACCESO ADICIONAL (KOHA) | |
| Tipo de ítem Koha | BDGR |
No items available.